000 01325 a2200265 4500
003 NUST
005 20221202142637.0
010 _a 2004296620
020 _a0471271802
035 _a(OCoLC)ocm53118894
040 _cNust
082 0 0 _a537,PAU
100 1 _aPaul, Clayton R.
_941146
245 1 0 _aElectromagnetics for engineers :
_bwith applications to digital systems and electromagnetic interference /
_cClayton R. Paul.
260 _aHoboken, NJ :
_bJohn Wiley & Sons,
_cc2004.
300 _axviii, 403 p. :
_bill. ;
_c26 cm.
505 _aIntroduction (Page-1), Calculation with Vectors (Page-24), Static (DC) Electromagnetic Fields (Page-56), Time-Varying Electromagnetic Fields (Page-142), Wave Propagation Fields (Page-195) ,Transmission Lines (Page-254), Antennas (Page-348), Oblique Incidence of Uniform Plane Waves on Plane Boundaries (Page-393).
650 0 _aElectromagnetic interference.
_955742
650 0 _aElectromagnetic theory.
_910270
650 0 _aElectromagnetism.
856 4 2 _3Contributor biographical information
_uhttp://www.loc.gov/catdir/bios/wiley045/2004296620.html
856 4 2 _3Publisher description
_uhttp://www.loc.gov/catdir/description/wiley041/2004296620.html
856 4 2 _3Table of contents
_uhttp://www.loc.gov/catdir/toc/wiley041/2004296620.html
942 _2ddc
_cBK
_k537,PAU
999 _c180971
_d180971